Power and water in the Middle East (Record no. 9802)

MARC details
000 -LEADER
fixed length control field 01645nam a2200409 a 4500
001 - CONTROL NUMBER
control field EBC677167
003 - CONTROL NUMBER IDENTIFIER
control field MiAaPQ
005 - DATE AND TIME OF LATEST TRANSACTION
control field 20250623124010.0
006 - FIXED-LENGTH DATA ELEMENTS--ADDITIONAL MATERIAL CHARACTERISTICS
fixed length control field m o d |
007 - PHYSICAL DESCRIPTION FIXED FIELD--GENERAL INFORMATION
fixed length control field cr cnu||||||||
008 - FIXED-LENGTH DATA ELEMENTS--GENERAL INFORMATION
fixed length control field 080729s2008 enkab ob 001 0 eng d
020 ## - INTERNATIONAL STANDARD BOOK NUMBER
International Standard Book Number 9780857715852
Qualifying information (electronic bk.)
020 ## - INTERNATIONAL STANDARD BOOK NUMBER
Canceled/invalid ISBN 9781845114640
Qualifying information (print)
035 ## - SYSTEM CONTROL NUMBER
System control number (MiAaPQ)EBC677167
035 ## - SYSTEM CONTROL NUMBER
System control number (Au-PeEL)EBL677167
035 ## - SYSTEM CONTROL NUMBER
System control number (CaPaEBR)ebr10713154
035 ## - SYSTEM CONTROL NUMBER
System control number (CaONFJC)MIL264184
035 ## - SYSTEM CONTROL NUMBER
System control number (OCoLC)710976031
040 ## - CATALOGING SOURCE
Original cataloging agency MiAaPQ
Language of cataloging eng
Description conventions rda
-- pn
Transcribing agency MiAaPQ
Modifying agency MiAaPQ
043 ## - GEOGRAPHIC AREA CODE
Geographic area code a-is---
050 #4 - LIBRARY OF CONGRESS CALL NUMBER
Classification number HD1698.P4
Item number Z45 2008
082 0# - DEWEY DECIMAL CLASSIFICATION NUMBER
Classification number 333.910095694
Edition number 22
100 1# - MAIN ENTRY--PERSONAL NAME
Personal name Zeitoun, Mark.
9 (RLIN) 20104
245 10 - TITLE STATEMENT
Title Power and water in the Middle East
Medium [electronic resource] :
Remainder of title the hidden politics of the Palestinian-Israeli water conflict /
Statement of responsibility, etc. Mark Zeitoun.
260 ## - PUBLICATION, DISTRIBUTION, ETC.
Place of publication, distribution, etc. London ;
-- New York :
Name of publisher, distributor, etc. I.B. Tauris,
Date of publication, distribution, etc. 2008.
300 ## - PHYSICAL DESCRIPTION
Extent xiv, 214 p. :
Other physical details ill., maps.
504 ## - BIBLIOGRAPHY, ETC. NOTE
Bibliography, etc. note Includes bibliographical references (p. [191]-208) and index.
590 ## - LOCAL NOTE (RLIN)
Local note Electronic reproduction. Ann Arbor, MI : ProQuest, 2018. Available via World Wide Web. Access may be limited to ProQuest affiliated libraries.
650 #0 - SUBJECT ADDED ENTRY--TOPICAL TERM
Topical term or geographic name entry element Water-supply
General subdivision Political aspects
Geographic subdivision Palestine.
650 #0 - SUBJECT ADDED ENTRY--TOPICAL TERM
Topical term or geographic name entry element Water-supply
General subdivision Political aspects
Geographic subdivision Israel.
650 #0 - SUBJECT ADDED ENTRY--TOPICAL TERM
Topical term or geographic name entry element Water resources development
General subdivision Political aspects
Geographic subdivision Palestine.
650 #0 - SUBJECT ADDED ENTRY--TOPICAL TERM
Topical term or geographic name entry element Water resources development
General subdivision Political aspects
Geographic subdivision Israel.
655 #4 - INDEX TERM--GENRE/FORM
Genre/form data or focus term Electronic books.
9 (RLIN) 2203
710 2# - ADDED ENTRY--CORPORATE NAME
Corporate name or jurisdiction name as entry element ProQuest (Firm)
797 2# - LOCAL ADDED ENTRY--CORPORATE NAME (RLIN)
Corporate name or jurisdiction name as entry element ProQuest (Firm)
856 40 - ELECTRONIC LOCATION AND ACCESS
Uniform Resource Identifier <a href="https://ebookcentral.proquest.com/lib/artjam/detail.action?docID=677167">https://ebookcentral.proquest.com/lib/artjam/detail.action?docID=677167</a>
Public note Click to View

No items available.